European Countries Starting and Ending with a Consonant - Statistics

General Stats
  • This quiz has been taken 271 times
    269 since last reset
  • The average score is 11 of 13
Answer Stats
Country % Correct
Sweden
92%
Finland
90%
Spain
90%
Portugal
88%
Belgium
87%
Poland
87%
Netherlands
84%
Denmark
81%
Belarus
79%
Liechtenstein
75%
Luxembourg
75%
Switzerland
75%
Czech Republic
65%
No matching quizzes found
Score Distribution
Percent of People with Each Score
Percentile by Number Answered
Your Score History
You have not taken this quiz since the last reset